| 000 | 00436nam a22001697a 4500 | ||
|---|---|---|---|
| 003 | OSt | ||
| 008 | 200715b ||||| |||| 00| 0 eng d | ||
| 020 | _a9789387025202 | ||
| 082 | _a547 KAA | ||
| 100 | _aKAR, Ashutosh | ||
| 245 | _aAdvanced Organic Chemistry | ||
| 250 | _a2019 | ||
| 260 |
_aNew Delhi _bScientific Publishing Services Pvt Ltd _c2019 |
||
| 300 | _a770 | ||
| 650 | _aPharmaceutical Organic Chemistry | ||
| 942 |
_2ddc _cBK |
||
| 999 |
_c9005 _d9005 |
||